[Event "CCCSA IM-A"]
[Site "Charlotte USA"]
[Date "2017.04.01"]
[Round "7.5"]
[White "Kleinman, Michael"]
[Black "Brodsky, David"]
[Result "0-1"]
[WhiteElo "2289"]
[BlackElo "2330"]
[PlyCount "130"]
[EventDate "2017.03.29"]
[EventType "tourn"]
[EventRounds "9"]
[EventCountry "USA"]
[EventCategory "3"]
[Source "Chess Mix"]
[SourceDate "2017.04.20"]

1. e4 c6 2. d4 d5 3. exd5 cxd5 4. c4 Nf6 5. Nc3 Nc6 6. Bg5 Be6 7. Nf3 g6 8.
Bxf6 exf6 9. Be2 Bb4 10. cxd5 Bxd5 11. O-O O-O 12. Nxd5 Qxd5 13. Qb3 Qxb3 14.
axb3 Rfd8 15. Rfd1 Rd6 16. Bb5 Ne7 17. Rac1 Ba5 18. Bd3 Rad8 19. Be4 R8d7 20.
g3 Bb6 21. Rc4 f5 22. Bd3 Nc6 23. Bf1 Bxd4 24. Nxd4 Nxd4 25. Kg2 Nc6 26. Rxd6
Rxd6 27. Rc2 Kg7 28. Be2 Kf6 29. Rc3 Rd2 30. Bf3 Ne5 31. Bxb7 Nd3 32. Rc6+ Kg7
33. Kf3 Rxf2+ 34. Ke3 Rxb2 35. Rc7 Nb4 36. Rc3 Rxh2 37. Kd4 Rd2+ 38. Kc5 Nd3+
39. Kb5 f4 40. gxf4 Nxf4 41. b4 Rd4 42. Rc4 Ne6 43. Rc3 Rd6 44. Ka5 h5 45. Bc6
Nd4 46. b5 Kf6 47. Ka6 Ke5 48. Kxa7 Kf4 49. Rc4 Ke3 50. Kb6 Nxb5 51. Kxb5 f5
52. Kc5 Rd8 53. Rc3+ Kf4 54. Rc1 h4 55. Rf1+ Ke5 56. Re1+ Kf6 57. Bd5 f4 58.
Kd4 g5 59. Re5 h3 60. Re6+ Kf5 61. Rh6 Kg4 62. Ke4 Rxd5 63. Kxd5 f3 64. Ke4 f2
65. Rf6 h2 0-1

[Event "CCCSA IM-A"]
[Site "Charlotte USA"]
[Date "2017.04.02"]
[Round "8.2"]
[White "Francisco, Richard"]
[Black "Kleinman, Michael"]
[Result "1/2-1/2"]
[WhiteElo "2253"]
[BlackElo "2289"]
[PlyCount "108"]
[EventDate "2017.03.29"]
[EventType "tourn"]
[EventRounds "9"]
[EventCountry "USA"]
[EventCategory "3"]
[Source "Chess Mix"]
[SourceDate "2017.04.20"]

1. e4 c5 2. Nf3 e6 3. d4 cxd4 4. Nxd4 Nc6 5. Nc3 Qc7 6. Be3 a6 7. Qf3 Bd6 8.
O-O-O Be5 9. Nxc6 bxc6 10. Bd4 Nf6 11. g4 Rb8 12. Bxe5 Qxe5 13. Be2 d5 14. Qg3
Qxg3 15. hxg3 Nxe4 16. Nxe4 dxe4 17. Rh4 f5 18. Rdh1 Kf7 19. Rxh7 Rxh7 20. Rxh7
Bb7 21. Kd2 c5 22. Ke3 Kf6 23. b3 Rd8 24. Rh1 Rd7 25. Rh8 g5 26. Bc4 Re7 27.
Rg8 a5 28. a4 fxg4 29. Be2 Rc7 30. Rb8 Kf5 31. Bc4 Re7 32. Bb5 Ke5 33. Rg8 Kf5
34. Bc4 Kf6 35. Be2 Rc7 36. Rd8 Bd5 37. c4 Bc6 38. Bxg4 Rd7 39. Rxd7 Bxd7 40.
Kxe4 Bc6+ 41. Ke3 e5 42. Bf3 Bd7 43. Be2 Bf5 44. Bd3 Bd7 45. Be4 Be8 46. Bh7
Bc6 47. Bg8 Be8 48. Ke4 Bc6+ 49. Bd5 Be8 50. Bb7 Bf7 51. Bc8 Bg8 52. Bg4 Bf7
53. Bd7 Bg8 54. Bg4 Bf7 1/2-1/2

[Event "CCCSA IM-A"]
[Site "Charlotte USA"]
[Date "2017.04.02"]
[Round "9.4"]
[White "Kleinman, Michael"]
[Black "Wang, Tianqi"]
[Result "1/2-1/2"]
[WhiteElo "2289"]
[BlackElo "2215"]
[PlyCount "69"]
[EventDate "2017.03.29"]
[EventType "tourn"]
[EventRounds "9"]
[EventCountry "USA"]
[EventCategory "3"]
[Source "Chess Mix"]
[SourceDate "2017.04.20"]

1. e4 e6 2. d4 d5 3. Nd2 dxe4 4. Nxe4 Bd7 5. Nf3 Bc6 6. Bd3 Nd7 7. O-O Ngf6 8.
Ned2 Be7 9. Nc4 Bxf3 10. Qxf3 c6 11. a4 Nb6 12. c3 Nxc4 13. Bxc4 a5 14. Re1 O-O
15. Bd3 Re8 16. Bf4 Nd5 17. Be5 Bf6 18. Qg3 Bxe5 19. dxe5 Qe7 20. Re4 Qf8 21.
Rh4 g6 22. Qg5 Rad8 23. Be4 Rd7 24. Re1 Red8 25. Bf3 Nc7 26. g3 Rd2 27. Re2
Rxe2 28. Bxe2 Rd7 29. Kg2 Nd5 30. Bf3 Nb6 31. Be4 Nd5 32. Bc2 Nc7 33. Qe3 Nd5
34. Qg5 Nc7 35. Qe3 1/2-1/2

[Event "Sabadell op-A"]
[Site "Sabadell ESP"]
[Date "2016.09.01"]
[Round "1"]
[White "Kleinman, Michael"]
[Black "Grigoryan, Karen"]
[Result "1/2-1/2"]
[WhiteElo "2283"]
[BlackElo "2544"]
[PlyCount "36"]
[EventDate "2016.09.01"]
[EventType "swiss"]
[EventRounds "9"]
[EventCountry "ESP"]
[Source "Chessbase"]
[SourceDate "2016.09.26"]

1. e4 c5 2. Nf3 d6 3. d4 cxd4 4. Qxd4 a6 5. h3 Nc6 6. Qe3 g6 7. c4 Bg7 8. Be2
Nf6 9. O-O O-O 10. Nc3 Nd7 11. Rb1 Nde5 12. Rd1 Nxf3+ 13. Bxf3 e5 14. b3 Re8
15. Bb2 Nd4 16. Ne2 b5 17. cxb5 axb5 18. Rd2 b4 1/2-1/2

[Event "Sabadell op-A"]
[Site "Sabadell ESP"]
[Date "2016.09.02"]
[Round "2"]
[White "Garcia Ramos, Daniel"]
[Black "Kleinman, Michael"]
[Result "0-1"]
[WhiteElo "2209"]
[BlackElo "2283"]
[PlyCount "28"]
[EventDate "2016.09.01"]
[EventType "swiss"]
[EventRounds "9"]
[EventCountry "ESP"]
[Source "Chessbase"]
[SourceDate "2016.09.26"]

1. d4 Nf6 2. c4 g6 3. Nc3 d5 4. Bf4 Bg7 5. Qa4+ Bd7 6. Qb3 c5 7. Nxd5 Nxd5 8.
cxd5 Na6 9. Nf3 cxd4 10. Qxb7 Nc5 11. Qb4 Qb6 12. Bd2 Qd6 13. Rc1 Rc8 14. Nxd4
Nd3+ 0-1

[Event "Sabadell op-A"]
[Site "Sabadell ESP"]
[Date "2016.09.03"]
[Round "3"]
[White "Kleinman, Michael"]
[Black "Gonzalez Garcia, Jose"]
[Result "0-1"]
[WhiteElo "2283"]
[BlackElo "2508"]
[PlyCount "58"]
[EventDate "2016.09.01"]
[EventType "swiss"]
[EventRounds "9"]
[EventCountry "ESP"]
[Source "Chessbase"]
[SourceDate "2016.09.26"]

1. e4 c5 2. Nf3 e6 3. b3 a6 4. Bb2 Nc6 5. c4 Qc7 6. g3 Nf6 7. e5 Ng4 8. Qe2 Be7
9. Bh3 f5 10. exf6 Bxf6 11. d4 h5 12. Qe4 O-O 13. Bxg4 hxg4 14. Qxg4 cxd4 15.
O-O e5 16. Qh5 d6 17. Nbd2 Qf7 18. Qxf7+ Kxf7 19. Ne4 Be7 20. Nfg5+ Kg6 21. f4
Bf5 22. Ba3 Rad8 23. Rae1 d3 24. Nf3 exf4 25. Nh4+ Bxh4 26. gxh4 Rfe8 27. Nxd6
Rxe1 28. Rxe1 Bg4 29. h5+ Kh7 0-1

[Event "Sabadell op-A"]
[Site "Sabadell ESP"]
[Date "2016.09.04"]
[Round "4"]
[White "Perpinya Rofes, Lluis Maria"]
[Black "Kleinman, Michael"]
[Result "1/2-1/2"]
[WhiteElo "2347"]
[BlackElo "2283"]
[PlyCount "59"]
[EventDate "2016.09.01"]
[EventType "swiss"]
[EventRounds "9"]
[EventCountry "ESP"]
[Source "Chessbase"]
[SourceDate "2016.09.26"]

1. e4 c5 2. Nf3 e6 3. d4 cxd4 4. Nxd4 Nc6 5. Nc3 Qc7 6. Be2 a6 7. O-O Nf6 8.
Kh1 Nxd4 9. Qxd4 Bc5 10. Qd3 b5 11. Bg5 Bb7 12. f4 h6 13. Bxf6 gxf6 14. Bh5
O-O-O 15. Bxf7 Kb8 16. a3 d5 17. Bxe6 dxe4 18. Qe2 Rd4 19. Rad1 Rhd8 20. Rxd4
Rxd4 21. Bf5 Qc6 22. Rd1 Qd6 23. Rxd4 Qxd4 24. Qd1 Qe3 25. Qd8+ Ka7 26. Nxb5+
axb5 27. Qa5+ Ba6 28. Qc7+ Bb7 29. Qa5+ Ba6 30. Qc7+ 1/2-1/2

[Event "Sabadell op-A"]
[Site "Sabadell ESP"]
[Date "2016.09.05"]
[Round "5"]
[White "Kleinman, Michael"]
[Black "Iglesias, Jorge"]
[Result "1/2-1/2"]
[WhiteElo "2283"]
[BlackElo "2294"]
[PlyCount "89"]
[EventDate "2016.09.01"]
[EventType "swiss"]
[EventRounds "9"]
[EventCountry "ESP"]
[Source "Chessbase"]
[SourceDate "2016.09.26"]

1. e4 c5 2. Nf3 d6 3. d4 Nf6 4. dxc5 Nxe4 5. cxd6 Nc6 6. dxe7 Qxd1+ 7. Kxd1
Bxe7 8. Be3 Bf5 9. Bd3 Bf6 10. Kc1 O-O 11. Nc3 Bxc3 12. bxc3 Rfe8 13. Nd4 Bd7
14. Nxc6 Bxc6 15. Bd4 b6 16. f3 Nc5 17. Kd2 Rad8 18. Bxc5 bxc5 19. c4 Kf8 20.
Rhe1 Rxe1 21. Rxe1 Re8 22. Rb1 Ke7 23. Rb3 Rc8 24. Ra3 Rc7 25. Ra6 h5 26. h4
Bd7 27. Be4 Bc8 28. Ra3 Be6 29. Bd5 Kd6 30. Ra6+ Ke5 31. Bxe6 fxe6 32. Ke3 Kf5
33. Ra5 g5 34. hxg5 Kxg5 35. g3 Kf5 36. c3 Ke5 37. g4 hxg4 38. fxg4 Rg7 39. g5
Kf5 40. Rxc5+ e5 41. Ra5 Rxg5 42. Rxa7 Rg3+ 43. Kf2 Rxc3 44. c5 Rxc5 45. Ra4
1/2-1/2

[Event "Sabadell op-A"]
[Site "Sabadell ESP"]
[Date "2016.09.06"]
[Round "6"]
[White "Capellades Subirana, Marc"]
[Black "Kleinman, Michael"]
[Result "1/2-1/2"]
[WhiteElo "2225"]
[BlackElo "2283"]
[PlyCount "189"]
[EventDate "2016.09.01"]
[EventType "swiss"]
[EventRounds "9"]
[EventCountry "ESP"]
[Source "Chessbase"]
[SourceDate "2016.09.26"]

1. e4 c5 2. Nf3 d6 3. d4 cxd4 4. Nxd4 Nf6 5. Nc3 g6 6. Be3 Bg7 7. Be2 Nc6 8.
O-O O-O 9. Nxc6 bxc6 10. Bf3 Qc7 11. Qd2 Bg4 12. Be2 Bxe2 13. Qxe2 Rab8 14.
Rab1 d5 15. Bd4 Rb4 16. Bxf6 Bxf6 17. exd5 Bxc3 18. bxc3 Rxb1 19. Rxb1 cxd5 20.
Qd3 Qa5 21. Rb5 Qxa2 22. Rxd5 Qa1+ 23. Qd1 Qxc3 24. g3 e6 25. Rd3 Qc5 26. Rd8
Rxd8 27. Qxd8+ Kg7 28. Qb8 a5 29. Qb2+ e5 30. Qa1 h5 31. h4 Kf6 32. c4 Ke7 33.
Qb2 Kd6 34. Qb8+ Ke6 35. Qd8 Qxc4 36. Qxa5 Qd4 37. Qa2+ Kf6 38. Qa6+ Kg7 39.
Qc6 Qd3 40. Qe8 Qd1+ 41. Kg2 Qd5+ 42. Kg1 Qe4 43. Qe7 Qf5 44. Kg2 Qf6 45. Qc5
Qe6 46. Qe3 Qd5+ 47. Kg1 Qd4 48. Qg5 Qc3 49. Qe7 Qc1+ 50. Kh2 Qe1 51. Kg2 Qe2
52. Qe8 Qe4+ 53. Kg1 Qf5 54. Qe7 Qf6 55. Qc5 g5 56. hxg5 Qxg5 57. Qc4 Qg4 58.
Qd5 f6 59. Qb7+ Kg6 60. Qb3 Qc8 61. Qd3+ Kg7 62. Qf3 Kg6 63. Qd3+ Qf5 64. Qd5
Kg5 65. Kg2 e4 66. Qg8+ Qg6 67. Qd5+ Kh6 68. Qd2+ Qg5 69. Qd8 Qg7 70. Qd2+ Kg6
71. Qd5 f5 72. Qe6+ Kg5 73. Qd6 Qf6 74. Qf4+ Kg6 75. Qb8 Qe6 76. Qd8 f4 77.
gxf4 Qg4+ 78. Kf1 Qxf4 79. Qg8+ Kf5 80. Ke1 Qc1+ 81. Ke2 Qc2+ 82. Ke1 Qc3+ 83.
Ke2 Qf3+ 84. Ke1 h4 85. Qg7 Qh5 86. Qd7+ Kf4 87. Qd2+ Kg4 88. Qe2+ Kg5 89. Qxe4
Kf6 90. Qc6+ Kf7 91. Qd7+ Kf6 92. Qd6+ Kf7 93. Qd7+ Kf6 94. Qd6+ Kf7 95. Qf8+
1/2-1/2

[Event "Sabadell op-A"]
[Site "Sabadell ESP"]
[Date "2016.09.07"]
[Round "7"]
[White "Kleinman, Michael"]
[Black "Gonzalez Rodriguez, Jorge Armando"]
[Result "0-1"]
[WhiteElo "2283"]
[BlackElo "2272"]
[PlyCount "142"]
[EventDate "2016.09.01"]
[EventType "swiss"]
[EventRounds "9"]
[EventCountry "ESP"]
[Source "Chessbase"]
[SourceDate "2016.09.26"]

1. e4 e6 2. d4 d5 3. Nd2 Nf6 4. e5 Ng8 5. Bd3 b6 6. c3 Qd7 7. Ne2 Ba6 8. Bc2 c5
9. O-O Nc6 10. Nf3 Nge7 11. Re1 h6 12. Nf4 g6 13. Rb1 cxd4 14. cxd4 Na5 15. Bd2
Nc4 16. Bb4 Nc6 17. Bxf8 Rxf8 18. Bd3 Nb4 19. Bf1 Bb7 20. Qb3 Na6 21. Rbc1
O-O-O 22. Nd2 Kb8 23. Nf3 Rc8 24. a3 Rfd8 25. Qa2 Qa4 26. g3 Na5 27. Ne2 Qb3
28. Qxb3 Nxb3 29. Rc3 Rxc3 30. Nxc3 Nc7 31. Re3 Bc6 32. h4 Rc8 33. Bd3 Be8 34.
Be2 Na5 35. Nd2 b5 36. b3 Nc6 37. Nxb5 Nxb5 38. Bxb5 Nxd4 39. Bxe8 Rxe8 40. Rd3
Nc6 41. f4 Rc8 42. Rc3 Nd4 43. Rxc8+ Kxc8 44. Kf2 Kc7 45. a4 a5 46. g4 Kc6 47.
Ke3 Kc5 48. Kd3 Nc6 49. Nf3 d4 50. Nd2 Kd5 51. Nc4 Nb4+ 52. Kd2 Nc6 53. Kd3
Nb4+ 54. Kd2 Ke4 55. Nd6+ Kxf4 56. Nxf7 h5 57. gxh5 gxh5 58. Ke2 Nc6 59. Ng5
Kxe5 60. Kd3 Kd5 61. Nh7 Ne5+ 62. Ke2 Nd7 63. Kd3 e5 64. Ng5 Nc5+ 65. Kc2 e4
66. Nf7 e3 67. Ng5 d3+ 68. Kc3 e2 69. Nf3 Ke4 70. Ne1 Ke3 71. Kc4 d2 0-1

[Event "Sabadell op-A"]
[Site "Sabadell ESP"]
[Date "2016.09.08"]
[Round "8"]
[White "Gomez Jurado, Luis Alberto"]
[Black "Kleinman, Michael"]
[Result "0-1"]
[WhiteElo "2243"]
[BlackElo "2283"]
[PlyCount "150"]
[EventDate "2016.09.01"]
[EventType "swiss"]
[EventRounds "9"]
[EventCountry "ESP"]
[Source "Chessbase"]
[SourceDate "2016.09.26"]

1. c4 c5 2. Nc3 Nc6 3. g3 g6 4. Bg2 Bg7 5. Nf3 Nf6 6. O-O O-O 7. d4 cxd4 8.
Nxd4 Nxd4 9. Qxd4 d6 10. Qd3 a6 11. b3 Bf5 12. Qd2 Ne4 13. Bxe4 Bxe4 14. Bb2
Bc6 15. Nd5 Bxb2 16. Qxb2 Bxd5 17. cxd5 Qa5 18. Rfd1 Rac8 19. b4 Qb5 20. a4 Qd7
21. Rdc1 Rxc1+ 22. Qxc1 Rc8 23. Qf4 Qf5 24. Qe3 Qe5 25. Qxe5 dxe5 26. Rb1 Rc4
27. f3 f5 28. Rb2 Kf7 29. e3 b6 30. Kf2 Ke8 31. Ke2 e4 32. fxe4 fxe4 33. g4 Kd7
34. Kf2 g5 35. Kg3 Rc3 36. Kf2 Kd6 37. a5 b5 38. Rd2 Rc4 39. Rb2 Ke5 40. Kg3
Rc3 41. Kf2 h6 42. h3 Rc1 43. Rd2 Rc4 44. Rb2 Kxd5 45. Rd2+ Kc6 46. Rb2 Rc3 47.
Ke2 Rc1 48. Kf2 e5 49. Kg2 Kc7 50. Kf2 Rc6 51. Ke2 Rc4 52. Kf2 Rc3 53. Ke2 Kc6
54. Kf2 Kd5 55. Rd2+ Rd3 56. Rc2 Rb3 57. Rc5+ Kd6 58. Rc8 Rxb4 59. Rh8 Rb2+ 60.
Kf1 Kd5 61. Rxh6 Kc4 62. Rxa6 Kd3 63. Rg6 Ra2 64. Rxg5 b4 65. Rxe5 b3 66. Rb5
b2 67. h4 Ra1+ 68. Kf2 b1=Q 69. Rxb1 Rxb1 70. a6 Ra1 71. g5 Rxa6 72. Kg3 Kxe3
73. h5 Kd2 74. g6 e3 75. g7 Ra8 0-1

[Event "Sabadell op-A"]
[Site "Sabadell ESP"]
[Date "2016.09.09"]
[Round "9"]
[White "Kleinman, Michael"]
[Black "Alarcon Casellas, Rolando"]
[Result "1/2-1/2"]
[WhiteElo "2283"]
[BlackElo "2397"]
[PlyCount "65"]
[EventDate "2016.09.01"]
[EventType "swiss"]
[EventRounds "9"]
[EventCountry "ESP"]
[Source "Chessbase"]
[SourceDate "2016.09.26"]

1. e4 c5 2. Nf3 e6 3. b3 b6 4. Bd3 Bb7 5. O-O Nf6 6. e5 Nd5 7. Be4 Qc7 8. c4
Nb4 9. Bxb7 Qxb7 10. Nc3 N8c6 11. d3 d5 12. a3 d4 13. Ne4 Na6 14. Bg5 h6 15.
Bh4 Nab8 16. b4 cxb4 17. Qa4 Nd7 18. axb4 b5 19. cxb5 Nxb4 20. Nxd4 Nxd3 21.
Nc6 N3c5 22. Qd4 Nxe4 23. Qxe4 Bc5 24. Rfd1 Rc8 25. Rac1 g5 26. Bg3 Be7 27. Qd4
Nb6 28. Nxe7 Qxe7 29. Qxb6 Qb7 30. Qd4 Ke7 31. Qd6+ Ke8 32. Qd4 Qxb5 33. Qe4
1/2-1/2

[Event "McGill op"]
[Site "Montreal CAN"]
[Date "2016.04.29"]
[Round "1.5"]
[White "Turcotte, Jonathan"]
[Black "Kleinman, Michael"]
[Result "0-1"]
[WhiteElo "1976"]
[BlackElo "2283"]
[PlyCount "78"]
[EventDate "2016.04.28"]
[EventType "swiss"]
[EventRounds "5"]
[EventCountry "CAN"]

1. d4 Nf6 2. c4 g6 3. Nf3 Bg7 4. Nc3 d5 5. Bf4 O-O 6. Rc1 c5 7. dxc5 dxc4 8.
Qxd8 Rxd8 9. e3 Na6 10. Bxc4 Nxc5 11. Ke2 Nfe4 12. Nxe4 Nxe4 13. Rhd1 Bg4 14.
Bd3 Nd6 15. Bg5 Bxb2 16. Bxe7 Bxc1 17. Bxd8 Bxe3 18. Bc7 Bc5 19. Bxd6 Bxd6 20.
Bxg6 Re8+ 21. Kf1 Bxh2 22. Bc2 Bc7 23. Bb3 Re7 24. Rd4 Bd7 25. g3 Bb5+ 26. Kg1
Bc6 27. Bd5 Bxd5 28. Rxd5 Re2 29. Rd7 Bb6 30. Rxb7 Rxa2 31. Nh4 Kg7 32. Nf5+
Kg6 33. Ne3 h5 34. Kf1 Rb2 35. Rd7 f6 36. Rd6 a5 37. Kg1 a4 38. Kh1 Bxe3 39.
fxe3 a3 0-1

[Event "McGill op"]
[Site "Montreal CAN"]
[Date "2016.04.30"]
[Round "2.4"]
[White "Kleinman, Michael"]
[Black "Libersan, Thierry"]
[Result "1-0"]
[WhiteElo "2283"]
[BlackElo "2052"]
[PlyCount "77"]
[EventDate "2016.04.28"]
[EventType "swiss"]
[EventRounds "5"]
[EventCountry "CAN"]

1. e4 c5 2. Nf3 e6 3. c4 d5 4. exd5 exd5 5. cxd5 Nf6 6. Nc3 Nxd5 7. Bb5+ Nc6 8.
Ne5 Nxc3 9. dxc3 Qxd1+ 10. Kxd1 Bd7 11. Bxc6 Bxc6 12. Nxc6 bxc6 13. Re1+ Kd7
14. Kc2 Bd6 15. Be3 Rad8 16. Rad1 Kc8 17. Rd2 Rd7 18. Red1 Rhd8 19. g3 c4 20.
Rd4 Bb8 21. Re1 Rxd4 22. Bxd4 g5 23. Re7 Rd7 24. Re8+ Kb7 25. Be3 h6 26. Re4 f5
27. Rxc4 Rf7 28. Bc5 f4 29. Re4 fxg3 30. fxg3 h5 31. Re7+ Rxe7 32. Bxe7 g4 33.
Kd3 a5 34. Ke4 Ba7 35. Kf5 Bg1 36. Kg5 Bxh2 37. Bd6 c5 38. c4 Kc6 39. Bf4 1-0

[Event "McGill op"]
[Site "Montreal CAN"]
[Date "2016.05.01"]
[Round "4.3"]
[White "Kleinman, Michael"]
[Black "Yu, Zong Yang"]
[Result "0-1"]
[WhiteElo "2283"]
[BlackElo "2342"]
[PlyCount "100"]
[EventDate "2016.04.28"]
[EventType "swiss"]
[EventRounds "5"]
[EventCountry "CAN"]

1. e4 c5 2. Nf3 e6 3. d4 cxd4 4. Nxd4 a6 5. c4 Nf6 6. Nc3 Bb4 7. Qd3 d6 8. Nc2
Bxc3+ 9. Qxc3 O-O 10. Bd3 e5 11. O-O Be6 12. b3 Nbd7 13. Ba3 Nc5 14. Bxc5 dxc5
15. Rad1 Nd7 16. Be2 Qc7 17. Ne3 Nf6 18. Bf3 Rfd8 19. Rfe1 Rd4 20. Nc2 Rd7 21.
Rxd7 Bxd7 22. Ne3 Bc6 23. Nd5 Bxd5 24. exd5 Re8 25. d6 Qxd6 26. Bxb7 Re7 27.
Bd5 g6 28. Rd1 Kg7 29. h3 e4 30. Rd2 Qf4 31. Re2 Re5 32. Re3 Kg8 33. Qe1 h5 34.
Kh1 h4 35. Kg1 g5 36. f3 exf3 37. Rxe5 f2+ 38. Qxf2 Qxe5 39. Bf3 Kg7 40. Qd2
Ne8 41. Kh1 Nd6 42. Qd5 Qxd5 43. Bxd5 Kf6 44. a3 a5 45. Kg1 Ke5 46. Kf2 Kd4 47.
Kf3 f5 48. g3 hxg3 49. Kxg3 Ne4+ 50. Kg2 Nd2 0-1

[Event "CAN-ch University"]
[Site "Kingston CAN"]
[Date "2016.01.10"]
[Round "4"]
[White "Derraugh, Geordie"]
[Black "Kleinman, Michael"]
[Result "0-1"]
[WhiteElo "2338"]
[BlackElo "2372"]
[PlyCount "136"]
[EventDate "2016.01.09"]
[EventType "team"]
[EventRounds "5"]
[EventCountry "CAN"]

1. e4 c5 2. Nf3 e6 3. d3 Nc6 4. g3 d5 5. Qe2 dxe4 6. dxe4 e5 7. c3 Be7 8. Bg2
Nf6 9. O-O h6 10. Rd1 Qc7 11. Nbd2 O-O 12. Nf1 Be6 13. h3 Rad8 14. Re1 c4 15.
g4 Nd7 16. Ne3 Nc5 17. Nd5 Rxd5 18. exd5 Bxd5 19. Rd1 Nd3 20. Ne1 Bxg2 21. Kxg2
Nxc1 22. Raxc1 Bg5 23. Rc2 Ne7 24. Nf3 Qc6 25. Kg1 Ng6 26. Nxe5 Nxe5 27. Qxe5
Re8 28. Qd4 Qf3 29. Rf1 Re4 30. Qd1 Qxh3 31. f3 Be3+ 32. Rff2 Re6 33. Qf1 Qg3+
34. Kh1 Bxf2 35. Rxf2 h5 36. gxh5 Re5 37. Rg2 Rxh5+ 38. Kg1 Qf4 39. Qd1 Qe3+
40. Rf2 g6 41. Qd2 Qe6 42. Rg2 Rd5 43. Qe2 Re5 44. Qd2 Kg7 45. Qd4 Qf6 46. f4
Re1+ 47. Kf2 Qxd4+ 48. cxd4 Re4 49. d5 Rd4 50. Ke3 Rxd5 51. Ke4 Ra5 52. a3 c3
53. bxc3 Rxa3 54. c4 Kf6 55. Rd2 Ke6 56. Rd8 Ra4 57. Kd3 b6 58. Rf8 Ra5 59. Kd4
f6 60. Rg8 Kf5 61. Rg7 Kxf4 62. Rxg6 f5 63. Rg8 Kf3 64. Rg7 f4 65. Rg8 Ra3 66.
Rf8 Kg3 67. Ke4 f3 68. Rg8+ Kf2 0-1

[Event "McGill op"]
[Site "Montreal CAN"]
[Date "2015.05.02"]
[Round "1"]
[White "Kleinman, Michael"]
[Black "Jacquet, Stephane"]
[Result "1-0"]
[WhiteElo "2293"]
[BlackElo "2003"]
[PlyCount "133"]
[EventDate "2015.05.01"]
[EventType "swiss"]
[EventRounds "5"]
[EventCountry "CAN"]

1. e4 d6 2. d4 Nf6 3. Nc3 g6 4. Nf3 Bg7 5. h3 O-O 6. Be3 Nc6 7. d5 Nb8 8. Be2
Nbd7 9. O-O c5 10. a4 a6 11. Nd2 Qc7 12. Ra3 b6 13. Rb3 Rb8 14. f4 Bb7 15. Nc4
Ne8 16. Qd2 Ba8 17. Bf3 b5 18. axb5 Bxc3 19. bxc3 axb5 20. Na3 Qa5 21. Ra1 Nc7
22. Rbb1 b4 23. Nc4 bxc3 24. Nxa5 cxd2 25. Bxd2 Rxb1+ 26. Rxb1 Rb8 27. Rxb8+
Nxb8 28. c4 Kf8 29. e5 Ke8 30. Bd1 Kd8 31. Bc3 Nca6 32. Ba4 Nb4 33. Kf2 Nd7 34.
Ke3 Nb6 35. Bb3 Kc7 36. Bxb4 cxb4 37. Kd4 Nd7 38. Bc2 f6 39. e6 Nc5 40. Nb3 Kb6
41. Nxc5 dxc5+ 42. Ke3 Kc7 43. h4 Bb7 44. h5 Ba6 45. hxg6 hxg6 46. Bd3 Kd6 47.
g3 g5 48. Kd2 gxf4 49. gxf4 Bb7 50. Be4 Ba6 51. Bd3 Bb7 52. Be4 Ba6 53. Kd3 Bc8
54. Kc2 Ba6 55. Kb3 Kc7 56. Bd3 Kd6 57. Be4 Bb7 58. Bf3 Bc8 59. Bh5 Bb7 60. Bf3
Bc8 61. Be4 Bb7 62. Bh1 Ba6 63. Bg2 Bb7 64. Ka4 Ba6 65. Bf1 Bb7 66. Kb5 Ba8 67.
Bg2 1-0

[Event "McGill op"]
[Site "Montreal CAN"]
[Date "2015.05.02"]
[Round "2"]
[White "Broday, Gabriel Renan"]
[Black "Kleinman, Michael"]
[Result "1/2-1/2"]
[WhiteElo "2003"]
[BlackElo "2293"]
[PlyCount "119"]
[EventDate "2015.05.01"]
[EventType "swiss"]
[EventRounds "5"]
[EventCountry "CAN"]

1. e4 c5 2. Nf3 e6 3. c3 d5 4. exd5 exd5 5. d4 Nc6 6. Be2 Bd6 7. dxc5 Bxc5 8.
O-O Nge7 9. a4 O-O 10. Na3 Re8 11. Nc2 Bf5 12. Ne3 Bg6 13. b4 Bd6 14. b5 Na5
15. Bd2 Rc8 16. Nd4 Be5 17. Re1 Rc5 18. Rc1 Qc7 19. g3 Nc8 20. f4 Bxd4 21. cxd4
Rxc1 22. Bxc1 Be4 23. Bd2 Rd8 24. Bb4 b6 25. Qc1 Qd7 26. Qc3 Nc4 27. Rc1 Nxe3
28. Qxe3 Nd6 29. Rc6 Ne8 30. Qc3 h6 31. a5 bxa5 32. Bxa5 Rb8 33. Qc5 Qh3 34.
Bf1 Qg4 35. Qc3 Qd1 36. Kf2 Nf6 37. h3 Kh7 38. Qe3 Re8 39. Rc1 Qa4 40. Qc3 Qa2+
41. Kg1 Bb1 42. Qd2 Qxd2 43. Bxd2 Ne4 44. Be1 Ba2 45. Bd3 Bc4 46. Bxc4 dxc4 47.
Rxc4 Nd6 48. Rc1 Nxb5 49. Bf2 Rd8 50. Rb1 Rd5 51. Ra1 h5 52. Kg2 f5 53. Kf3 a5
54. g4 Nxd4+ 55. Bxd4 Rxd4 56. Rxa5 Rd3+ 57. Kg2 hxg4 58. hxg4 fxg4 59. Rg5 g3
60. Rxg3 1/2-1/2

[Event "McGill op"]
[Site "Montreal CAN"]
[Date "2015.05.02"]
[Round "3"]
[White "Kleinman, Michael"]
[Black "Cardona, Misael"]
[Result "1-0"]
[WhiteElo "2293"]
[BlackElo "1991"]
[PlyCount "93"]
[EventDate "2015.05.01"]
[EventType "swiss"]
[EventRounds "5"]
[EventCountry "CAN"]

1. e4 e5 2. Nf3 Nc6 3. Bb5 a6 4. Bc4 Nf6 5. O-O Be7 6. Re1 b5 7. Bb3 d6 8. c3
O-O 9. h3 Nb8 10. d4 Nbd7 11. Nbd2 Bb7 12. Bc2 Re8 13. Nf1 Bf8 14. Ng3 g6 15.
b3 c6 16. Bg5 h6 17. Be3 Qc7 18. Qd2 Kh7 19. a4 Rad8 20. Bd3 d5 21. exd5 e4 22.
Bf4 Bd6 23. Bxd6 Qxd6 24. Nxe4 Nxe4 25. Rxe4 Rxe4 26. Bxe4 Nf6 27. Bd3 Qxd5 28.
c4 Qd6 29. Re1 Kg7 30. Bc2 Rd7 31. Re5 Qa3 32. Re1 Qd6 33. Qc3 Kg8 34. axb5
axb5 35. Qa5 Kg7 36. Re3 Qf4 37. Qb6 bxc4 38. bxc4 c5 39. g3 Qc7 40. dxc5 Qc8
41. Kh2 Rc7 42. Nd4 Rxc5 43. Ne6+ fxe6 44. Rxe6 Bd5 45. cxd5 Rxc2 46. Re7+ Kg8
47. Qxf6 1-0

[Event "McGill op"]
[Site "Montreal CAN"]
[Date "2015.05.03"]
[Round "4"]
[White "Zhu, Hong Rui"]
[Black "Kleinman, Michael"]
[Result "1-0"]
[WhiteElo "2163"]
[BlackElo "2293"]
[PlyCount "103"]
[EventDate "2015.05.01"]
[EventType "swiss"]
[EventRounds "5"]
[EventCountry "CAN"]

1. e4 c5 2. Ne2 e6 3. d4 cxd4 4. Nxd4 Nc6 5. Nc3 Qc7 6. g3 a6 7. Bg2 Nf6 8. O-O
Nxd4 9. Qxd4 Bc5 10. Bf4 d6 11. Qd2 h6 12. Rad1 e5 13. Be3 Be6 14. Bxc5 dxc5
15. Qd6 Rc8 16. f4 Qxd6 17. Rxd6 O-O 18. Rfd1 Rce8 19. b3 Re7 20. f5 Bc8 21.
Rxf6 gxf6 22. Nd5 Ree8 23. Nxf6+ Kg7 24. Nxe8+ Rxe8 25. Rd6 h5 26. h4 Kf8 27.
Bf1 Ke7 28. Rh6 b5 29. Rc6 Kd7 30. Rxc5 Bb7 31. Bd3 Kd6 32. b4 Bc6 33. a3 f6
34. Kf2 Rg8 35. Kf3 Kc7 36. Rc3 Kb6 37. Rb3 a5 38. Rb1 Rg7 39. Rg1 axb4 40.
axb4 Rg4 41. Re1 Rg7 42. Re3 Bb7 43. Be2 Rg4 44. c3 Bc6 45. Kf2 Rxe4 46. Rxe4
Bxe4 47. Bxh5 Bxf5 48. Bf7 Kc7 49. Be8 Bd3 50. Ke3 Bc4 51. h5 Kd8 52. h6 1-0

[Event "McGill op"]
[Site "Montreal CAN"]
[Date "2015.05.03"]
[Round "5"]
[White "Kleinman, Michael"]
[Black "Robichaud, Louis"]
[Result "1-0"]
[WhiteElo "2293"]
[BlackElo "2017"]
[PlyCount "53"]
[EventDate "2015.05.01"]
[EventType "swiss"]
[EventRounds "5"]
[EventCountry "CAN"]

1. e4 e5 2. Nf3 Nc6 3. Bb5 a6 4. Ba4 Nf6 5. O-O Nxe4 6. d4 b5 7. Bb3 d5 8. dxe5
Be6 9. Be3 Be7 10. c3 O-O 11. Re1 Qd7 12. Nbd2 Nxd2 13. Qxd2 Na5 14. Nd4 c5 15.
Nxe6 fxe6 16. Bc2 Nc4 17. Qd3 g6 18. Bc1 Kh8 19. Qh3 Rg8 20. b3 Na5 21. Bh6 Nc6
22. Rad1 Rad8 23. Rd3 g5 24. Rf3 Bf8 25. Qh5 Qe8 26. Rf7 Rd7 27. Rxh7+ 1-0